Normal view
MARC view
- Dinstein, Yoram
Entry Personal Name
001 - CONTROL NUMBER
- control field: 94300
003 - CONTROL NUMBER IDENTIFIER
- control field: NUST
005 - DATE AND TIME OF LATEST TRANSACTION
- control field: 20220721110853.0
008 - FIXED-LENGTH DATA ELEMENTS
- fixed length control field: 220721|| aca||aabn | a|a d
040 ## - CATALOGING SOURCE
- Original cataloging agency: NUST
- Transcribing agency: NUST
100 ## - HEADING--PERSONAL NAME
- Personal name: Dinstein, Yoram
670 ## - SOURCE DATA FOUND
- Source citation: Work cat.: (NUST)0: Dinstein, Yoram, author., Non-international armed conflicts in international law /
